000 00534nam a22002297a 4500
003 UA-OsUOA
001 16833
007 ta
008 20031008b un ||||| |||| 00| 0 ukr d
100 _aБогданець А.
090 _bБ-734
942 _cBK
040 _aUA-OsUOA
_bukr
_cUA-OsUOA
_dUA-OsUOA
245 _aПташина колиска
_bПоезії
300 _a56 с.
955 _a0
041 _aukr
591 _a84(4Укр)6
260 _aКостопіль
_c2003
044 _aUA
650 7 _aВірші
_2UDC
999 _c303000
_d303000